000 00714nam a2200241Ia 4500
005 20260121112752.0
008 8644 260114s9999 xx 000 0 eng d
020 _a9789812791252
037 _aEBOOK
040 _aCRL
_beng
_cCRL
041 _aeng
_2eng
084 _qCRL
100 _aBall R & Akhmediev N
_9962911
245 0 _aNonlinear Dynamics: from Lasers to Butterflies: Selected Lectures from the 15Th Canberra Int'L Physics Summer School
260 _bWorld Scientific
260 _bWSPC
260 _c2003
650 _aMathematics
_9962912
856 _uhttps://www.worldscientific.com/worldscibooks/10.1142/5235#t=toc
942 _cEBOOK
999 _c1545944
_d1545944